LEADER 00893nam0-2200277 --450 001 9910318953003321 005 20190515115938.0 010 $a978-88-227-2163-1 100 $a20190515d2018----kmuy0itay5050 ba 101 0 $aita 102 $aIT 105 $a 001yy 200 1 $aStorie segrete della storia di Napoli$emisteri irrisolti, curiosità e leggende di oltre duemila anni vissuti all'ombra del Vesuvio$fMarco Perillo 210 $aRoma$cNewton Compton$d2018 215 $a479 p.$cill.$d22 cm 225 1 $aQuest'Italia$v434 610 0 $aNapoli$aStoria$aAneddoti 676 $a945.731$v23$zita 700 1$aPerillo,$bMarco$f<1983->$0751557 801 0$aIT$bUNINA$gREICAT$2UNIMARC 901 $aBK 912 $a9910318953003321 952 $aCOLLEZ. 2154 (434)$b532/2019$fFSPBC 959 $aFSPBC 996 $aStorie segrete della storia di Napoli$91553250 997 $aUNINA